000
00315nam a22001337a 4500
008
181016b xxu||||| |||| 00| 0 eng d
020
_a
9780395671368
041
_a
eng
080
_a
510
100
_a
30
101
_a
MAT
245
_a
Algebra 1 Explorations And Applications
_c
Littel.M
942
_2
udc
_c
BK
999
_c
49931
_d
49931